| 000 | 02477ncm0a2200505 4500 | ||
|---|---|---|---|
| 001 | RU\NLR\ONIZ\224108 | ||
| 005 | 20260217124038.7 | ||
| 013 | _a979-0-66000-314-5 | ||
| 035 | _a(NLR Aleph) 011806941 | ||
| 071 | 2 | 0 | _aс 4250 к |
| 090 |
_a11897339 _c11897339 |
||
| 100 | _a20180919d2010 u y0rusy50 ca | ||
| 101 | 1 |
_aeng _arus |
|
| 102 | _aRU | ||
| 125 | _acy | ||
| 145 | 0 | _ac | |
| 200 | 1 |
_aКороль Лир _bНоты _dKing Lear _eDramma per musica по трагедии У. Шекспира в пер. Б. Пастернака _zeng _f[муз. и] либр. С. Слонимского _gперелож. A. Петросяна |
|
| 208 | _aКлавир | ||
| 210 |
_aСанкт-Петербург _cКомпозитор - Санкт-Петербург _dcop. 2010 |
||
| 215 |
_a286 с. _d30 см |
||
| 300 | _aПеред нот. текстом : Памяти Р. М. Беньяш. | ||
| 604 |
_1700#1$aШекспир$bУ.$gУильям$f1564-1616 _150010$aКороль Лир$xНоты$xМузыкальные интерпретации |
||
| 606 | 1 |
_aDrama per musica (опера) _yРоссия _z21 в. _2nlr_sh |
|
| 606 | 1 |
_aРусская опера _yРоссия _z19-21 вв. _2nlr_sh |
|
| 606 | 1 |
_aМузыкально-сценические произведения _yРоссия _z20-21 вв. _2nlr_sh |
|
| 686 |
_aЩ971(2Р)Фп _vLBC/SL _2rubbk |
||
| 700 | 1 |
_6z05790 _aСлонимский _bС.М. _f1932-2020 _gСергей Михайлович _4230 _7ca |
|
| 702 | 1 |
_6z06790 _aШекспир _bУ. _f1564-1616 _gУильям _4520 _7ca |
|
| 702 | 1 |
_6z07790 _aПастернак _bБ. Л. _f1890-1960 _gБорис Леонидович _4730 _7ca |
|
| 702 | 1 |
_6z08790 _aПетросян _bA. _cавт. перелож. _gA. _4030 _7ca |
|
| 702 | 1 |
_6z09790 _aБеньяш _bР. М. _f1914-1986 _gРаиса Моисеевна _4280 _7ca |
|
| 790 | 1 |
_6z05700 _aSlonimskij _bS. M. _f1932-2020 _gSergej Mikhajlovič _4230 _7ba |
|
| 790 | 1 |
_6z06702 _aShakespeare _bW. _f1564-1616 _gWilliam _4520 _7ba |
|
| 790 | 1 |
_6z11510 _6z07702 _aPasternak _bB. L. _f1890-1960 _gBoris Leonidovič _3RU\NLR\auth\773458 _4070 _7ba |
|
| 790 | 1 |
_6z08702 _aPetrosyan _bА. _gА. _4030 _7ba |
|
| 790 | 1 |
_6z09702 _aBenyash _bR. _f1914-1986 _gRaisa _4280 _7ba |
|
| 801 | 0 |
_aRU _bNLR _c20180919 _gPSBO |
|
| 801 | 1 |
_aRU _bNLR _c20180919 _2rusmarc |
|
| 801 | 2 |
_aRU _bNLR _c20191210 |
|
| 852 |
_aNLR _jМ 3/11861f _m268407 _t2 |
||
| 852 |
_aNLR _jМ 3/11861 _m267387 _t1 |
||
| 942 | _cSCORE | ||
| 980 | _aNB | ||
| 980 | _aONIZ | ||